|
|
|
|
| LEADER |
01023nam a22002417a 4500 |
| 001 |
AAL1839 |
| 003 |
BD-DhAAL |
| 005 |
20160319185028.0 |
| 008 |
160319s 1994bg ||||| |||| 00| 0 ben d |
| 020 |
|
|
|a 9845600077
|
| 040 |
|
|
|a BD-DhAAL
|c BD-DhAAL
|
| 082 |
|
|
|a 330.9549/2
|
| 100 |
|
|
|a উমর, বদরুদ্দীন
|9 18634
|
| 245 |
|
|
|a বাঙাদেশের আর্থ-রাজনৈতিক পরিস্থিতি /
|c বদরুদ্দীন উমর
|
| 260 |
|
|
|a ঢাকা :
|b জাতীয় গ্রন্থ প্রকাশন,
|c ১৯৯৪
|
| 300 |
|
|
|a ৯৮ পৃ. ;
|c ২২ সে.মি.
|
| 541 |
|
|
|e 1839
|
| 651 |
|
|
|a Bangladesh
|x Economic conditions.
|9 18635
|
| 651 |
|
|
|a Bangladesh
|x Politics and government.
|9 18636
|
| 852 |
|
|
|a Savar Campus Library
|c General Stacks
|
| 942 |
|
|
|2 ddc
|c BK
|
| 999 |
|
|
|c 37165
|d 37165
|
| 952 |
|
|
|0 0
|1 0
|2 ddc
|4 0
|6 330_954900000000000_2_UMA
|7 0
|9 58437
|a SCL
|b SCL
|c GEN
|d 2016-03-19
|g 60.00
|l 0
|o 330.95492 UMA
|p 3020001839
|r 2016-03-19
|t 1
|w 2016-03-19
|y BK
|